| 000 | 00475nam a2200181Ia 4500 | ||
|---|---|---|---|
| 003 | OSt | ||
| 005 | 20230608161839.0 | ||
| 008 | 210423s2005 xx 000 0 und d | ||
| 040 | _cAL | ||
| 082 |
_a158.7 SHAA _223 |
||
| 100 |
_aSHARMA (Ramnath);SHARMA (Rachana). _9122910 |
||
| 245 | _aAdvanced applied psychology. | ||
| 260 |
_aUSA _bBlackwell Publications _c2005 |
||
| 365 |
_b795 _cINR |
||
| 440 | _v2 | ||
| 906 | _aAdvanced ; applied ; psychology. | ||
| 942 |
_2ddc _cBK |
||
| 999 |
_c174100 _d174100 |
||